Princíp spravodlivosti v zdanení príjmov v SR bakalárska práca

Enregistré dans:
Détails bibliographiques
Auteur principal: Žatková, Veronika
Collectivité auteur: Národohospodárska fakulta EU. Katedra financií
Autres auteurs: Geško, Martin
Format: Livre
Langue:slovaque
Publié: Bratislava 2015
Tags: Ajouter un tag
Pas de tags, Soyez le premier à ajouter un tag!

MARC

LEADER 00000nam a2200000 4500
001 0209100
005 20240320071936.5
041 0 |a slo 
044 |a SK 
245 1 0 |a Princíp spravodlivosti v zdanení príjmov v SR  |b bakalárska práca  |c Veronika Žatková ; školiteľ: Martin Geško 
264 1 |a Bratislava  |c 2015 
300 |a 33 s. 
100 1 |a Žatková, Veronika 
700 1 |a Geško, Martin 
710 2 |a Národohospodárska fakulta EU. Katedra financií